Fast Typing 1 to 1000 - Statistics

General Stats
  • This quiz has been taken 1,431 times
  • The average score is 246 of 1000
Answer Stats
# % Correct
1
100%
2
98%
3
98%
4
97%
6
97%
5
96%
7
96%
8
95%
9
95%
10
93%
12
92%
11
90%
13
89%
14
88%
15
87%
16
87%
17
86%
18
86%
19
86%
23
84%
20
83%
21
83%
22
83%
24
83%
27
83%
29
83%
34
83%
26
82%
28
82%
30
82%
25
80%
31
80%
32
80%
33
80%
36
80%
43
80%
45
80%
35
79%
37
79%
39
79%
38
78%
42
78%
44
78%
40
77%
47
77%
48
77%
56
77%
41
76%
46
76%
49
76%
51
76%
54
76%
55
76%
65
76%
52
75%
53
75%
57
75%
58
75%
63
75%
67
75%
78
75%
83
75%
100
74%
50
74%
59
74%
64
74%
66
74%
77
74%
99
74%
72
73%
73
73%
74
73%
75
73%
87
73%
62
72%
76
72%
81
72%
82
72%
84
72%
89
72%
94
72%
98
72%
60
71%
61
71%
68
71%
71
71%
88
71%
97
71%
69
70%
70
70%
79
70%
85
70%
90
70%
91
70%
92
70%
93
70%
80
69%
86
69%
95
68%
96
67%
111
63%
101
62%
102
59%
123
59%
103
57%
104
57%
105
56%
110
56%
106
55%
109
55%
112
55%
114
55%
120
55%
107
54%
108
54%
113
54%
115
54%
116
54%
117
54%
119
54%
121
54%
118
53%
124
53%
122
52%
125
52%
126
52%
128
52%
127
51%
129
51%
130
51%
131
50%
132
50%
134
48%
135
48%
137
48%
138
48%
139
48%
133
47%
136
47%
140
47%
141
47%
142
47%
144
47%
222
47%
143
46%
145
46%
146
46%
147
45%
149
45%
150
45%
151
45%
200
45%
148
44%
161
44%
333
44%
153
43%
154
43%
156
43%
160
43%
152
42%
155
42%
157
42%
159
42%
1000
41%
158
41%
162
41%
201
41%
202
41%
999
41%
164
40%
165
40%
170
40%
171
40%
163
39%
166
39%
167
39%
168
39%
181
39%
190
39%
191
39%
192
39%
203
39%
209
39%
234
39%
444
39%
169
38%
172
38%
173
38%
177
38%
178
38%
180
38%
199
38%
204
38%
205
38%
206
38%
207
38%
210
38%
212
38%
300
38%
174
37%
176
37%
182
37%
183
37%
184
37%
188
37%
189
37%
193
37%
198
37%
208
37%
211
37%
175
36%
179
36%
185
36%
187
36%
194
36%
195
36%
196
36%
197
36%
213
36%
223
36%
555
36%
186
35%
214
35%
400
35%
215
34%
216
34%
220
34%
221
34%
224
34%
225
34%
666
34%
217
33%
218
33%
219
33%
226
33%
227
33%
228
33%
229
33%
232
33%
777
33%
230
32%
233
32%
301
32%
888
32%
231
31%
345
31%
235
30%
237
30%
238
30%
283
30%
299
30%
303
30%
500
30%
236
29%
240
29%
242
29%
243
29%
247
29%
250
29%
273
29%
302
29%
239
28%
241
28%
244
28%
245
28%
246
28%
252
28%
253
28%
290
28%
304
28%
309
28%
310
28%
334
28%
248
27%
249
27%
255
27%
262
27%
263
27%
264
27%
266
27%
272
27%
274
27%
277
27%
292
27%
293
27%
305
27%
307
27%
337
27%
338
27%
600
27%
700
27%
251
26%
256
26%
260
26%
265
26%
278
26%
280
26%
282
26%
288
26%
298
26%
306
26%
308
26%
313
26%
320
26%
321
26%
330
26%
331
26%
332
26%
336
26%
254
25%
258
25%
261
25%
267
25%
270
25%
271
25%
275
25%
279
25%
284
25%
289
25%
294
25%
295
25%
311
25%
312
25%
323
25%
324
25%
335
25%
339
25%
340
25%
401
25%
456
25%
998
25%
257
24%
259
24%
268
24%
269
24%
276
24%
287
24%
297
24%
314
24%
322
24%
328
24%
329
24%
347
24%
374
24%
402
24%
404
24%
800
24%
900
24%
995
24%
281
23%
285
23%
291
23%
296
23%
315
23%
317
23%
325
23%
342
23%
343
23%
346
23%
349
23%
394
23%
403
23%
405
23%
567
23%
991
23%
993
23%
994
23%
996
23%
997
23%
286
22%
316
22%
319
22%
326
22%
327
22%
344
22%
348
22%
350
22%
354
22%
363
22%
364
22%
383
22%
393
22%
398
22%
399
22%
992
22%
318
21%
355
21%
356
21%
357
21%
360
21%
365
21%
372
21%
373
21%
382
21%
384
21%
406
21%
407
21%
445
21%
341
20%
366
20%
370
20%
375
20%
376
20%
378
20%
380
20%
387
20%
388
20%
389
20%
390
20%
392
20%
395
20%
408
20%
409
20%
410
20%
411
20%
412
20%
414
20%
420
20%
422
20%
423
20%
424
20%
443
20%
447
20%
501
20%
352
19%
353
19%
358
19%
362
19%
367
19%
368
19%
369
19%
377
19%
396
19%
397
19%
434
19%
446
19%
449
19%
450
19%
454
19%
455
19%
457
19%
678
19%
351
18%
359
18%
361
18%
379
18%
385
18%
415
18%
416
18%
418
18%
421
18%
432
18%
440
18%
441
18%
442
18%
448
18%
453
18%
475
18%
502
18%
601
18%
987
18%
990
18%
371
17%
381
17%
391
17%
413
17%
417
17%
419
17%
426
17%
427
17%
429
17%
430
17%
433
17%
437
17%
463
17%
464
17%
473
17%
474
17%
478
17%
485
17%
489
17%
499
17%
503
17%
505
17%
556
17%
602
17%
606
17%
654
17%
667
17%
386
16%
425
16%
428
16%
435
16%
436
16%
438
16%
458
16%
459
16%
460
16%
465
16%
543
16%
902
16%
989
16%
451
15%
452
15%
462
15%
483
15%
484
15%
487
15%
490
15%
494
15%
504
15%
506
15%
515
15%
545
15%
554
15%
557
15%
558
15%
599
15%
603
15%
656
15%
701
15%
789
15%
901
15%
431
14%
439
14%
466
14%
467
14%
468
14%
469
14%
470
14%
472
14%
476
14%
477
14%
479
14%
482
14%
488
14%
492
14%
493
14%
498
14%
507
14%
508
14%
512
14%
550
14%
551
14%
552
14%
553
14%
559
14%
565
14%
566
14%
577
14%
588
14%
604
14%
605
14%
661
14%
663
14%
665
14%
676
14%
677
14%
702
14%
707
14%
801
14%
889
14%
983
14%
984
14%
461
13%
480
13%
486
13%
495
13%
509
13%
510
13%
511
13%
546
13%
564
13%
568
13%
569
13%
574
13%
576
13%
578
13%
585
13%
590
13%
595
13%
607
13%
608
13%
609
13%
610
13%
616
13%
660
13%
662
13%
664
13%
668
13%
669
13%
703
13%
765
13%
775
13%
776
13%
778
13%
876
13%
887
13%
890
13%
903
13%
904
13%
905
13%
907
13%
908
13%
909
13%
910
13%
982
13%
985
13%
471
12%
481
12%
491
12%
496
12%
497
12%
516
12%
517
12%
518
12%
520
12%
521
12%
522
12%
525
12%
533
12%
534
12%
535
12%
544
12%
560
12%
563
12%
570
12%
573
12%
579
12%
580
12%
584
12%
586
12%
587
12%
593
12%
598
12%
612
12%
621
12%
626
12%
645
12%
646
12%
658
12%
674
12%
675
12%
699
12%
704
12%
705
12%
706
12%
708
12%
709
12%
717
12%
727
12%
737
12%
770
12%
772
12%
773
12%
774
12%
802
12%
803
12%
804
12%
808
12%
881
12%
882
12%
884
12%
885
12%
899
12%
906
12%
919
12%
981
12%
986
12%
988
12%
513
11%
519
11%
524
11%
527
11%
530
11%
532
11%
538
11%
540
11%
547
11%
548
11%
572
11%
583
11%
589
11%
596
11%
597
11%
611
11%
613
11%
615
11%
617
11%
620
11%
622
11%
624
11%
627
11%
628
11%
630
11%
634
11%
636
11%
648
11%
657
11%
686
11%
690
11%
696
11%
710
11%
747
11%
748
11%
757
11%
771
11%
779
11%
799
11%
805
11%
838
11%
883
11%
886
11%
979
11%
980
11%
514
10%
523
10%
528
10%
529
10%
536
10%
537
10%
539
10%
549
10%
561
10%
562
10%
575
10%
582
10%
594
10%
614
10%
618
10%
623
10%
635
10%
638
10%
643
10%
644
10%
647
10%
650
10%
653
10%
655
10%
659
10%
670
10%
671
10%
673
10%
684
10%
685
10%
711
10%
712
10%
713
10%
720
10%
723
10%
738
10%
767
10%
806
10%
807
10%
810
10%
812
10%
818
10%
880
10%
892
10%
911
10%
928
10%
929
10%
526
9%
531
9%
541
9%
542
9%
571
9%
581
9%
592
9%
619
9%
625
9%
629
9%
632
9%
633
9%
637
9%
640
9%
642
9%
649
9%
652
9%
672
9%
679
9%
680
9%
683
9%
687
9%
688
9%
697
9%
698
9%
714
9%
716
9%
718
9%
721
9%
722
9%
726
9%
728
9%
729
9%
730
9%
732
9%
734
9%
736
9%
739
9%
756
9%
758
9%
759
9%
768
9%
780
9%
784
9%
786
9%
787
9%
788
9%
790
9%
798
9%
809
9%
811
9%
820
9%
828
9%
834
9%
874
9%
878
9%
897
9%
898
9%
912
9%
914
9%
920
9%
949
9%
969
9%
970
9%
977
9%
978
9%
591
8%
641
8%
651
8%
682
8%
689
8%
692
8%
693
8%
694
8%
695
8%
715
8%
719
8%
725
8%
733
8%
735
8%
740
8%
743
8%
744
8%
745
8%
750
8%
754
8%
764
8%
783
8%
785
8%
797
8%
822
8%
823
8%
826
8%
827
8%
829
8%
833
8%
858
8%
873
8%
875
8%
877
8%
893
8%
894
8%
913
8%
916
8%
917
8%
918
8%
921
8%
922
8%
927
8%
930
8%
938
8%
939
8%
940
8%
950
8%
957
8%
975
8%
631
7%
639
7%
681
7%
691
7%
724
7%
746
7%
749
7%
752
7%
755
7%
760
7%
762
7%
763
7%
766
7%
769
7%
781
7%
782
7%
792
7%
796
7%
813
7%
814
7%
815
7%
816
7%
817
7%
821
7%
825
7%
830
7%
832
7%
836
7%
837
7%
839
7%
847
7%
848
7%
850
7%
857
7%
868
7%
872
7%
879
7%
891
7%
895
7%
896
7%
915
7%
923
7%
933
7%
934
7%
937
7%
947
7%
955
7%
959
7%
960
7%
966
7%
967
7%
968
7%
972
7%
973
7%
976
7%
742
6%
761
6%
795
6%
819
6%
840
6%
844
6%
854
6%
855
6%
856
6%
867
6%
870
6%
924
6%
932
6%
936
6%
943
6%
944
6%
945
6%
948
6%
954
6%
956
6%
958
6%
964
6%
965
6%
974
6%
731
5%
741
5%
751
5%
753
5%
791
5%
793
5%
794
5%
824
5%
831
5%
842
5%
843
5%
845
5%
846
5%
849
5%
860
5%
866
5%
871
5%
926
5%
935
5%
946
5%
963
5%
971
5%
835
4%
852
4%
853
4%
859
4%
864
4%
865
4%
869
4%
925
4%
931
4%
942
4%
951
4%
952
4%
953
4%
962
4%
841
3%
851
3%
861
3%
862
3%
863
3%
941
3%
961
3%
No matching quizzes found
Score Distribution
Percent of People with Each Score
Percentile by Number Answered
Your Score History
You have not taken this quiz